Halsbury's laws of England / (Record no. 157663)

MARC details
000 -LEADER
fixed length control field 00920nam a2200277 a 4500
003 - CONTROL NUMBER IDENTIFIER
control field OSt
005 - DATE AND TIME OF LATEST TRANSACTION
control field 20260630154845.0
008 - FIXED-LENGTH DATA ELEMENTS--GENERAL INFORMATION
fixed length control field
020 ## - INTERNATIONAL STANDARD BOOK NUMBER
International Standard Book Number 9780406953988 (Hardcover)
024 ## - OTHER STANDARD IDENTIFIER
Terms of availability USD 90.00
040 ## - CATALOGING SOURCE
Transcribing agency NUST
Original cataloging agency NUST
Language of cataloging eng
Modifying agency NUST
Description conventions rda
050 ## - LIBRARY OF CONGRESS CALL NUMBER
Classification number KD310 HAL
245 00 - TITLE STATEMENT
Title Halsbury's laws of England /
Statement of responsibility, etc. edited by Lord Mackay of Clashfern.
250 ## - EDITION STATEMENT
Edition statement Fourth edition.
260 ## - PUBLICATION, DISTRIBUTION, ETC.
Place of publication, distribution, etc. London :
Name of publisher, distributor, etc. Butterworths,
Date of publication, distribution, etc. ©1989.
300 ## - PHYSICAL DESCRIPTION
Extent v. :
Other physical details illustrations ;
Dimensions 26 cm.
336 ## - CONTENT TYPE
Source rdacontent
Content type term text
Content type code txt
337 ## - MEDIA TYPE
Source rdamedia
Media type term unmediated
Media type code n
338 ## - CARRIER TYPE
Source rdacarrier
Carrier type term volume
Carrier type code nc
650 #0 - SUBJECT ADDED ENTRY--TOPICAL TERM
Topical term or geographic name entry element Law
Geographic subdivision England.
650 #0 - SUBJECT ADDED ENTRY--TOPICAL TERM
Topical term or geographic name entry element Law
Geographic subdivision Great Britain.
700 ## - ADDED ENTRY--PERSONAL NAME
Personal name Lord Hailsham of St. Marylebone.
Relator term editor
700 ## - ADDED ENTRY--PERSONAL NAME
Personal name Lord Mackay of Clashfern.
Relator term editor
907 ## - LOCAL DATA ELEMENT G, LDG (RLIN)
a .b10158480
b 21-02-14
c 09-03-05
942 ## - ADDED ENTRY ELEMENTS (KOHA)
Koha item type Ordinary Loan Books
Call number prefix KD
Call number suffix HAL
Source of classification or shelving scheme Library of Congress Classification
Edition Fourth edition.
Classification part KD310 HAL
Suppress in OPAC No
Holdings
Withdrawn status Lost status Source of classification or shelving scheme Damaged status Not for loan Collection Home library Current library Shelving location Date acquired Source of acquisition Cost, normal purchase price Total Checkouts Full call number Barcode Date last seen Accession number Cost, replacement price Price effective from Koha item type Public note
    LCC     NFIC MAIN MAIN GEN 01/23/2023 Book Aid International 90.00   KD310 HAL 92003035654 01/23/2023 25902 90.00 01/23/2023 BOOKS Donation